Post-soul nation : the explosive, contradictory, triumphant, and tragic 1980s as experienced by African Americans (previously known as Blacks and before that Negroes) /

Bibliographic Details
Main Author: George, Nelson
Format: eBook
Language:English
Published: New York : Viking, 2004.
Series:Black thought and culture.
Subjects:
Online Access:Connect to the full text of this electronic book

MARC

Tag First Indicator Second Indicator Subfields
LEADER 00000cam a22000003i 4500
001 in00002503557
005 20190327173450.0
006 m||||||||d||||||||
007 cr |n ---||a|a
008 030805s2004 nyua s 001|0 eng d
010 |a  2003061606 
020 |a 0670032751 (alk. paper) 
035 |a (VaAlASP)ASPS00016771/bltc 
040 |a DLC  |c DLC  |d DLC  |d VaAlASP  |d UtOrBLW 
043 |a n-us--- 
050 0 0 |a E185.615  |b .G465 2004 
082 0 0 |a 973/.049607309/046  |2 22 
100 1 |a George, Nelson. 
245 1 0 |a Post-soul nation :  |b the explosive, contradictory, triumphant, and tragic 1980s as experienced by African Americans (previously known as Blacks and before that Negroes) /  |c Nelson George. 
264 1 |a New York :  |b Viking,  |c 2004. 
300 |a xii, 242 pages :  |b illustrations ;  |c cm. 
336 |a text  |b txt  |2 rdacontent 
337 |a computer  |b c  |2 rdamedia 
338 |a online resource  |b cr  |2 rdacarrier 
500 |a Includes index. 
533 |a Electronic reproduction.  |b Alexandria, VA :  |c Alexander Street Press,  |d 2006.  |f (Black thought and culture).  |n Available via World Wide Web. 
500 |a Electronic resource. 
650 0 |a African Americans  |x History  |y 1964- 
650 0 |a African Americans  |x Social conditions  |y 1975- 
650 0 |a African Americans  |x Intellectual life  |y 20th century. 
650 0 |a African Americans in popular culture. 
650 0 |a Popular culture  |z United States  |x History  |y 20th century. 
651 0 |a United States  |x Intellectual life  |y 20th century. 
651 0 |a United States  |x Social conditions  |y 1980- 
651 0 |a United States  |x Race relations. 
655 0 |a Electronic books. 
776 1 |c Original  |z 0670032751 (alk. paper)  |w (DLC) 2003061606 
830 0 |a Black thought and culture. 
856 4 0 |z Connect to the full text of this electronic book  |u http://proxy.library.tamu.edu/login?url=http://www.aspresolver.com/aspresolver.asp?BLTC;S16771  |t 0 
999 |a MARS 
999 f f |s 71dcd419-49c5-355d-ae90-8369955a1add  |i 2cde6d13-4e20-3de0-9c02-74ea0416f7e1  |t 0 
952 f f |a Texas A&M University  |b College Station  |c Electronic Resources  |d Available Online  |t 0  |e E185.615 .G465 2004  |h Library of Congress classification 
998 f f |a E185.615 .G465 2004  |t 0  |l Available Online